000 00599nam a2200241Ia 4500
005 20250425162558.0
008 250425s9999 xx 000 0 und d
020 _a9780194791106
041 _aeng
082 _a428.6
100 _aLONDON, JACK
245 0 _aTHE CALL OF THE WILD
250 _a1ST ED.
260 _aOXFORD
260 _aReino Unido
_bOXFORD UNIVERSITY EXPRESS
_c2008
300 _a72
650 _aCUENTOS INFANTILES
650 _aINGLES-LIBROS DE LECTURA
650 _aPERROS DE TRINEO
650 _aTERRITORIO DEL YUKON-FICCION
942 _c01
010 _a86973
999 _c232142
_d232142